The public papers of chief justice earl warren. (Record no. 19693)
[ view plain ]
| 000 -LEADER | |
|---|---|
| fixed length control field | 00538nam a2200157Ia 4500 |
| 008 - FIXED-LENGTH DATA ELEMENTS--GENERAL INFORMATION | |
| fixed length control field | 210324s9999||||xx |||||||||||||| ||und|| |
| 040 ## - CATALOGING SOURCE | |
| Transcribing agency | STCPL |
| 082 ## - DEWEY DECIMAL CLASSIFICATION NUMBER | |
| Classification number | 340 |
| Item number | WAR-T |
| 100 ## - MAIN ENTRY--PERSONAL NAME | |
| Personal name | Christman M. Henry |
| 245 #4 - TITLE STATEMENT | |
| Title | The public papers of chief justice earl warren. |
| 260 ## - PUBLICATION, DISTRIBUTION, ETC. | |
| Place of publication, distribution, etc. | Ettumanoor |
| Name of publisher, distributor, etc. | Capricorn Books |
| Date of publication, distribution, etc. | 1966 |
| 300 ## - PHYSICAL DESCRIPTION | |
| Extent | 306P, 18CM |
| 650 ## - SUBJECT ADDED ENTRY--TOPICAL TERM | |
| Topical term or geographic name entry element | LawREAL NUMBERS, SETS SEQUENCES, LIMITING POINTS, FUNCTIONS OF ONE VARIBLE, DERIVATIVES, DFFERENTIALS, PMPLICIT FUNCTIONS, JACOBIANS, INFINITE SERIES |
| 942 ## - ADDED ENTRY ELEMENTS (KOHA) | |
| Koha item type | Books |
| 041 ## - LANGUAGE CODE | |
| Language code of original | English |
| Withdrawn status | Lost status | Damaged status | Not for loan | Home library | Current library | Shelving location | Date acquired | Cost, normal purchase price | Total Checkouts | Full call number | Barcode | Date last seen | Price effective from | Koha item type |
|---|---|---|---|---|---|---|---|---|---|---|---|---|---|---|
| ST. THOMAS COLLEGE LIBRARY, PALAI | ST. THOMAS COLLEGE LIBRARY, PALAI | 2021-07-10 | 2.25 | 340 CHR-T | 29374 | 2021-07-10 | 2021-07-10 | Books |
